Statistics for Guess the Taylor Swift Song #9

Click here to take the quiz!

General Stats

  • This quiz has been taken 13 times
  • The average score is 260 of 321

Answer Stats

Answer% Correct
a
100%
and
100%
And
100%
I
100%
is
100%
it
100%
me
100%
the
100%
what
100%
you
100%
You
100%
you're
100%
back
92%
go
92%
in
92%
In
92%
love
92%
my
92%
on
92%
to
92%
were
92%
But
85%
but
85%
came
85%
could
85%
good
85%
just
85%
let
85%
oh
85%
this
85%
This
85%
time
85%
When
85%
will
85%
bad
77%
dark
77%
dead
77%
free
77%
from
77%
up
77%
alive
69%
had
69%
hands
69%
never
69%
of
69%
These
69%
blue
62%
dreamed
62%
glowing
62%
left
62%
mark
62%
permanent
62%
water
62%
cheek
54%
Clear
54%
dreams
54%
gone
54%
kiss
54%
out
54%
screams
54%
ships
54%
showed
54%
silent
54%
sinking
54%
wildest
54%
with
54%
brought
46%
Currents
46%
darker
46%
fell
46%
grew
46%
grip
46%
High
46%
knees
46%
leave
46%
losing
46%
need
46%
night
46%
run
46%
Skies
46%
still
46%
swept
46%
tide
46%
watched
46%
again
38%
burning
38%
Flickered
38%
ghost
38%
Lantern
38%
new
38%
only
38%
smile
38%
someone
38%
struggled
38%
through
38%
Tossing
38%
turning
38%
young
38%
come
31%
ohh
15%

Score Distribution

Percentile by Number Answered

Percent of People with Each Score

Your Score History

You have not taken this quiz